LEADER 01136nam a2200253 4500 001 000000346031 003 CaOOAMICUS 005 20210517101249.0 008 210517s2011 it a 000 u ita r 020 $a978-88-96527-07-8 040 $aSeMil$bita 100 1 $aBetti, Paola.$0(OLS)http://semarc/name/113881 245 10$aArte a Lucca :$bun percorso nell'arte lucchese dall'Alto Medioevo al Novecento /$cPaola Betti ... [et al.] ; a cura di Maria Teresa Filieri. 264 1$aLucca :$bPubliEd,$c2011. 300 $a293 p. :$briccamente ill. ;$c34x25 cm 650 4$aLucca - Arte.$0(OLS)http://semarc/subject/50410 700 1 $aFilieri, Maria Teresa.$0(OLS)http://semarc/name/60495 850 $aSeMil 852 $aSeMil$W1$xVenegono$y1$m5F XI 61$j226230$B237070$CSeMilBibl$Z2$F237070 $81 961 $aMagni don Walter - Omaggio 996 $6020$a978-88-96527-07-8$9(OLS)http://semarc/number/293218 996 $6245$aArte a Lucca :$bun percorso nell'arte lucchese dall'Alto Medioevo al Novecento$9(OLS)http://semarc/title/435231 996 $6264$aLucca :$bPubliEd$9(OLS)http://semarc/publisher/59807 LEADER 00812nam a2200217 i 4500 001 000000225617 003 CaOOAMICUS 005 20250423102514.0 008 131212s1797 it u000 u fre u 013 $a204519 026 $an,na eee. mede leco (3) 1797 (A) 040 $aSeMil$bita 245 10$aTome 5. 300 $a[4], 391, [1] p. 500 $aContiene: Logique ou reflexions sur les principales operations de l'esprit 500 $aSegn.: pigreco2 A-2A8 2B4 773 0 $aDu Marsais, Cesar Chesneau <1676-1756>$tOeuvres de Du Marsais. Tome 1. [-7.].$dA Paris : De l'Imprimerie de Pougin, 1797, An V..$g5$w()29244 850 $aSeMil 852 $aSeMil$W1$xVenegono$y1$m2R IV 69 FA$j175963$B175963$CSeMilBibl$Z2$F186473 $8I 996 $6245$aTome 5$9(OLS)http://semarc/title/1596